000 00475nam a2200157Ia 4500
005 20240823065942.0
008 240823s9999||||xx |||||||||||||| ||und||
041 _aENGLISH
082 _A621.3126 R2
100 _a"Bindhu,V.S"
245 2 _aA Novel Approach for Improving Power Quality and to Maintain Power Factor Using ANN Controller Technique in a Hybrid Energy Based System
260 _c2022
500 _aYES
650 _aPower Quality
_bElectrical
942 _cTH
999 _c244600
_d244600